000 01027ncm a2200301 c 4500
999 _c352844
_d352844
003 BLK
005 20250127155136.0
008 180414b bul |a|er|||| |0| c|bulo|
010 _aNOT00000716000
040 _aBLK
041 _aRUS
_cRUS
080 _aВалдхорна
_b788.42
_x788.42
100 _aАсафьев, Борис Владимирович
_eпърви автор
_91299
139 _aАсафьев, Борис Владимирович
_bА 92
245 _aВариации на тему В. Моцарта
_bдля валторны и фортепиано
_cБорис Асафьев
257 _aRUS
260 _bМузыка
_9402764
_aМосква
_c1983
300 _c29 см
_a20 с
_e1 бр. щим
380 _a7
650 0 _aДуо - валдхорна и пиано
_9353802
653 _aконцерти
852 _aЦб М ІІ 8911
_c788/А 92 Б
856 4 _qpdf
_u
856 4 _qpdf
_u
942 _cNOT
_n0
_s1
944 _aCR
_c2020-04-09
_k30560
_lГеновева Генчева
999 _d352844